000 00695nam a2200217 i 4500
001 99419
003 ES-MaACL
005 20230906182508.0
007 t|
008 050908s1978 sp |||| | spa d
100 1 _aMartinet, André.
_977704
245 1 0 _aElementos de lingüística general /
_cAndré Martinet; versión de Julio Calonge Ruíz.
250 _a2ª ed. rev.
300 _a274 p. ;
_c20 cm.
490 1 _aBiblioteca románica hispánica. III. Manuales ;
_v13
650 4 _aLingüística.
_914463
700 0 _aCalonge Ruiz, Julio.
_933775
830 0 _aBiblioteca románica hispánica. III. Manuales ;
_v13
_9177701
852 _aES-MaACL
_jA-10043
999 _c99419
_d99419